00719cam a2200205 a 450000100100000000500170001000800410002704000250006808200150009310000470010824500350015526000410019030000240023150500450025565100360030065100290033691000150036595201180038099900150049800000716920200929154103.0761001s1956 ag a 000 0 spa d aDO-SdBNPbspacBNPHU a946bS211e1 aSánchez-Albornoz, Claudio,d1893-91990910aEspaña, un enigma historico. aBuenos Aires :bSudamericana,c1956. av. :bil. ;c24 cm.0 aLa biblioteca sólo posee el volumen 2. 4aEspañaxCivilización914116 4aEspañaxHistoria98844 aEn proceso 001054708MOaGRbGRcCTd2009-09-05iLF1l0o946 S211ep7169-10r2020-06-25w2020-06-25y4ZPréstamo en sala c6950d6950